British Children's TV Programmes - Statistics

General Stats
  • This quiz has been taken 979 times
    823 since last reset
  • The average score is 12 of 21
Answer Stats
Clue Answer % Correct
Can he fix it? Bob the Builder
96%
Has a black and white cat called Jess Postman Pat
91%
Creatures with television screens in their abdomens Teletubbies
78%
Jumping in muddy puddles Peppa Pig
77%
A Scottish village with different coloured houses Balamory
71%
Historical sketch show Horrible Histories
63%
A girl lives next door to a zoo 64 Zoo Lane
62%
Lives in the town of Pontypandy Fireman Sam
61%
Superhero mouse and his hamster assistant Dangermouse
60%
Animated numbers solve maths problems Numberjacks
55%
Young mouse who wants to be a dancer Angelina Ballerina
54%
Stripey cloth cat Bagpuss
49%
Lives in a picnic basket with Looby Loo Andy Pandy
48%
Long-running children's magazine programme Blue Peter
48%
Adventures of girl and older brother, based on books by Lauren Child Charlie and Lola
48%
'Lives' on the Island of Sodor Thomas the Tank Engine
48%
Forest is home to a host of unusually named characters In the Night Garden
42%
Man in spotty waistcoat demonstrates arts and crafts Mister Maker
39%
Shrew-like animals who eat green soup The Clangers
37%
Colourful children go to nursery The Tweenies
35%
Mister Tumble's spotty bag... Something Special
30%
No matching quizzes found
Score Distribution
Percent of People with Each Score
Percentile by Number Answered
Your Score History
You have not taken this quiz since the last reset